000 00583nam a2200181 i 4500
001 93805
003 ES-MaACL
005 20251206063033.0
007 t|
008 050420s1953 sp ||||1| spa d
100 0 _aLópez Herrera, Salvador
_973696
245 1 3 _aEl Ven. P. Anchieta
_b: misionero y cantor de María /
_cSalvador López Herrera.
260 _aMadrid :
_b[s.n.],
_c1953.
300 _a6 h. ;
_c24 cm.
500 _aEs Separata de Ephemérides Mariologicae... v. 4. fasc. 4. p. 458-467.
852 _aES-MaACL
_j1971-F-4
_bR.37054
999 _c93805
_d93805